Normal view
MARC view
- الانتاج-صناعة الملابس
Entry Topical Term
001 - CONTROL NUMBER
- control field: 40516
003 - CONTROL NUMBER IDENTIFIER
- control field: JO-AjAnu
005 - DATE AND TIME OF LATEST TRANSACTION
- control field: 20230606080729.0
008 - FIXED-LENGTH DATA ELEMENTS
- fixed length control field: 230606|| aca||aabn | a|a d
040 ## - CATALOGING SOURCE
- Original cataloging agency: JO-AjAnu
- Transcribing agency: JO-AjAnu
150 ## - HEADING--TOPICAL TERM
- Topical term or geographic name entry element: الانتاج-صناعة الملابس
670 ## - SOURCE DATA FOUND
- Source citation: Work cat.: (JO-AjAnu)20768: صبابحة، صفاء صبح, author 40515, سلسلة القيم في صناعة الملابس في الأردن : دراسة في الجغرافية الاقتصادية